000 00330 a2200157 4500
001 44590
020 _a
040 _cAnchieta - Aquarius
100 _aCalmon, Edson
240 1 0 _aO papel e a idéia
_lpor
245 1 0 _aO papel e a idéia
300 _a
362 0 _a0
650 4 _aLiteratura infanto-juvenil
942 _cBK
999 _c44590
_d44590